000 00906nam0a22002291 4500
001 rc\185251
005 20250620223438.0
035 _a(NLR Aleph) 005443544
090 _a4782852
_c4782852
100 _a20030307d1997 |||y0rusy50 ca
101 0 _arus
102 _aRU
105 _aa |||||||||
200 1 _aНаселенные пункты Республики Татарстан
_eКрат. справ.
_fАН Респ. Татарстан. Ин-т тат. энцикл.
_g[Х.А. Абдулкаюмов и др.
_gГл. ред. акад. АН РТ М.Х. Хасанов]
210 _aКазань
_cИн-т тат. энцикл.
_d1997
215 _a391 с.
_cил., карт.
_d20
320 _aАлф. указ. населен. пунктов Респ. Татарстан: с. 283-387
801 0 _aRU
_bNLR
_gpsbo
801 1 _aRU
_bELAR
_2rusmarc
852 _aNLR
_j97-3/12115
942 _cBOOK
980 _aNB